[Event "HUN-ch U8-U18 2019"]
[Site "Balatonlelle"]
[Date "2019.06.26"]
[Round "7.10"]
[White "Lakatos, Tamas"]
[Black "Pribelszky, Bence"]
[Result "1/2-1/2"]
[WhiteElo "1833"]
[BlackElo "2244"]
[Annotator "TA"]
[PlyCount "103"]
[EventDate "2019.06.21"]
[EventType "swiss"]
[EventCountry "HUN"]
[SourceTitle "playchess.com"]
[Source "ChessBase"]
[SourceQuality "1"]

{[%evp 15,103,0,0,0,22,0,0,-10,20,-35,-44,-31,-39,-56,0,-62,-55,-55,-56,-65,-66,-58,-66,-86,-93,-88,-80,-77,-62,-70,-25,-44,-42,-43,-41,-41,-41,-41,-42,-46,-39,-44,0,0,0,0,0,0,0,0,0,0,47,0,0,0,0,0,0,0,0,0,0,0,0,0,0,0,0,0,0,0,0,0,169,0,0,0,160,0,0,0,27,24,115,0,0,0,108,-1554]} 1. e4 e6 2. d4 d5 3. Nc3 Bb4 4. exd5 exd5 5. Bd3 Nc6 6. Nge2 Nge7 7. O-O Bg4 8. f3 Bf5 9. Bf4 {C01: French: Exchange Variation} (9. a3 Bxc3 10. bxc3 O-O 11. Ng3 Bg6 12. f4 f5 13. Re1 Qd7 14. c4 dxc4 15. Bxc4+ Bf7 16. Bxf7+ Rxf7 17. c3 Na5 18. Qd3 c5 19. Ra2 c4 20. Qf3 Qc6 21. Qh5 Qg6 22. Qf3 Qc6 23. Qh5 {½-½ (23) Okhotnik,V (2453)-Torma,R (2472) Balatonboglar 2016}) 9... Bxc3 10. bxc3 Qd7 $146 ({Predecessor:} 10... Na5 11. Ng3 Bg6 12. Qe2 O-O 13. Rfe1 Re8 14. Bg5 f6 15. Qe6+ Bf7 16. Bxh7+ Kxh7 17. Qxf7 Ng6 18. Nh5 {1-0 (18) Hennings,A (2325)-Doeppner,T (2065) Schwerin 1997}) 11. Rb1 {The position is equal.} O-O-O 12. Ng3 (12. Bb5 $11) 12... Bxd3 $15 13. Qxd3 Na5 14. Rfe1 Nc4 (14... Ng6 $15 15. Be3 Nc4) 15. Nf1 (15. Ne4 $1 $11 b6 16. Nd2) 15... Nf5 16. Nd2 Nxd2 17. Qxd2 f6 18. Qd3 g5 19. Bd2 Nd6 20. Re2 Rde8 21. Rbe1 Kd8 22. Kf2 Qf5 (22... Qf7 {keeps more tension.} 23. h4 Rxe2+ 24. Rxe2 Rg8 25. hxg5 fxg5 26. Kg1 Nc4) 23. Qxf5 Rxe2+ 24. Rxe2 Nxf5 $11 {[%mdl 4096] Endgame KRB-KRN} 25. Re6 Rf8 26. g4 Nd6 27. h4 gxh4 28. Re1 f5 {aiming for ...fxg4.} 29. g5 $1 Nf7 30. Rh1 Nh8 31. Rxh4 Rf7 32. Rh1 Ng6 33. Rb1 c6 34. f4 Kc7 35. Kg3 Ne7 36. Re1 Kd7 37. Kh4 Nc8 38. Kh5 Nd6 39. Re5 Nc4 40. Re2 Nd6 41. Re5 $1 Nc4 42. Re2 a5 43. Be1 a4 44. Kh6 b5 $2 (44... Nd6 $11) 45. Kh5 $2 (45. Bh4 $1 $18) 45... Na3 46. Kh6 $2 ({White should try} 46. Bh4 $11) 46... Nc4 $16 {[#]} 47. Kh5 $2 (47. Bh4 $1 $16) 47... Nd6 $11 48. Re5 Ne4 (48... Nc4 $5 49. Re2 $8 $11) 49. Kh6 Nd6 {[#]} (49... a3 $1 $11) 50. Kh5 ({White has to play} 50. Bh4 $1 $16) 50... Nc8 (50... Nc4 $11 51. Re2) 51. Kh6 $16 Nd6 52. Re4 $2 {[%mdl 40960] Accuracy: White = 58%, Black = 71%. . An unexpected result.} (52. Bh4 $16) 1/2-1/2

[Event "HUN-ch U8-U18 2019"]
[Site "Balatonlelle"]
[Date "2019.06.26"]
[Round "7.11"]
[White "Farkas, Otto Jr."]
[Black "Daroczi, Donat"]
[Result "1-0"]
[WhiteElo "1859"]
[BlackElo "2050"]
[Annotator "NA RC"]
[PlyCount "137"]
[EventDate "2019.06.21"]
[EventType "swiss"]
[EventCountry "HUN"]
[SourceTitle "playchess.com"]
[Source "ChessBase"]
[SourceQuality "1"]
[TimeControl "40/5400+30:1800+30"]

1. e4 {[%emt 0:00:01]} e6 {[%emt 0:00:07]} 2. d4 {[%emt 0:00:11]} d5 {[%emt 0:00:04]} 3. Nc3 {[%emt 0:00:07]} Nf6 {[%emt 0:00:06]} 4. Bg5 {[%emt 0:00:06]} dxe4 {[%emt 0:00:06]} 5. Nxe4 {[%emt 0:00:08]} Be7 {[%emt 0:00:04]} 6. Bxf6 {[%emt 0:00:17]} gxf6 {[%emt 0:00:06]} 7. Nf3 {[%emt 0:01:16]} f5 {[%emt 0:00:04]} 8. Ned2 {[%emt 0:05:28]} c5 {[%emt 0:00:41]} 9. Bb5+ {[%emt 0:01:43]} Bd7 {[%emt 0:03:08]} 10. Bxd7+ {[%emt 0:00:56]} Qxd7 {[%emt 0:01:21]} 11. dxc5 {[%emt 0:02:50]} Bxc5 {[%emt 0:00:44]} 12. Qe2 {[%emt 0:00:42]} Nc6 {[%emt 0:02:39]} 13. O-O-O {[%emt 0:06:16]} O-O-O {[%emt 0:00:23]} 14. Nc4 {[%emt 0:09:20]} Qc7 {[%emt 0:02:55]} 15. Kb1 {[%emt 0:01:20]} Ne7 {[%emt 0:11:24]} 16. Nce5 {[%emt 0:10:53]} Nd5 {[%emt 0:00:20]} 17. Nd3 {[%emt 0:00:31]} Qb6 {[%emt 0:21:19]} 18. Ka1 {[%emt 0:15:25]} Bd6 {[%emt 0:19:46]} 19. Ng5 {[%emt 0:10:22]} Rd7 {[%emt 0:00:51]} 20. Nxf7 {[%emt 0:07:28]} Re8 {[%emt 0:07:40]} 21. Nxd6+ {[%emt 0:00:24]} Qxd6 {[%emt 0:00:05]} 22. c4 {[%emt 0:03:50]} Nf4 {[%emt 0:01:28]} 23. Nxf4 {[%emt 0:00:22]} Qxf4 {[%emt 0:00:01]} 24. Rxd7 {[%emt 0:00:19]} Kxd7 {[%emt 0:00:02]} 25. Rd1+ {[%emt 0:00:13]} Ke7 {[%emt 0:02:18]} 26. g3 {[%emt 0:01:59]} Qc7 {[%emt 0:04:28]} 27. Qh5 {[%emt 0:02:11]} Kf8 {[%emt 0:00:35]} 28. g4 {[%emt 0:02:47]} Qg7 {[%emt 0:16:10]} 29. gxf5 {[%emt 0:04:52]} exf5 {[%emt 0:00:20]} 30. Qxf5+ {[%emt 0:00:29]} Kg8 {[%emt 0:00:01]} 31. Qd5+ {[%emt 0:00:55]} Kh8 {[%emt 0:00:05]} 32. a3 {[%emt 0:00:29]} h6 {[%emt 0:01:16]} 33. Qd4 {[%emt 0:04:06]} Re7 {[%emt 0:01:33]} 34. Qd8+ {[%emt 0:02:05]} Kh7 {[%emt 0:00:07]} 35. Qd3+ {[%emt 0:00:59]} Kh8 {[%emt 0:03:27]} 36. Ka2 {[%emt 0:01:33]} Rf7 {[%emt 0:00:44]} 37. Qe3 {[%emt 0:01:34]} b6 {[%emt 0:01:09]} 38. Rd8+ {[%emt 0:00:50]} Rf8 {[%emt 0:00:11]} 39. Rd6 {[%emt 0:00:38]} Rf6 {[%emt 0:01:04]} 40. Qe8+ {[%emt 0:00:00]} Rf8 {[%emt 0:00:00]} 41. Qe6 {[%emt 0:02:10]} Rxf2 {[%emt 0:04:21]} 42. Qxh6+ {[%emt 0:00:55]} Qxh6 {[%emt 0:00:12]} 43. Rxh6+ {[%emt 0:00:07]} Kg7 {[%emt 0:00:01]} 44. Rh4 {[%emt 0:00:33]} Kf6 {[%emt 0:00:12]} 45. Rh7 {[%emt 0:00:29]} a5 {[%emt 0:01:42]} 46. Rh6+ {[%emt 0:00:14]} Ke5 {[%emt 0:00:16]} 47. Rxb6 {[%emt 0:00:29]} Kd4 {[%emt 0:00:03]} 48. h4 {[%emt 0:02:13]} Kxc4 {[%emt 0:00:17]} 49. h5 {[%emt 0:00:50]} Rh2 {[%emt 0:00:21]} 50. Rh6 {[%emt 0:00:43]} a4 {[%emt 0:01:17]} 51. Rh8 {[%emt 0:00:29]} Kb5 {[%emt 0:02:56]} 52. h6 {[%emt 0:00:56]} Kb6 {[%emt 0:00:37]} 53. Rb8+ {[%emt 0:00:51]} Ka6 {[%emt 0:01:02]} 54. Rh8 {[%emt 0:01:51]} Kb7 {[%emt 0:00:15]} 55. h7 {[%emt 0:00:04]} Rh1 {[%emt 0:00:29]} 56. Rf8 {[%emt 0:00:42]} Rxh7 {[%emt 0:00:09]} 57. Rf4 {[%emt 0:00:06]} Rh3 {[%emt 0:00:26]} 58. Rxa4 {[%emt 0:00:11]} Kb6 {[%emt 0:00:08]} 59. Rg4 {[%emt 0:00:51]} Kb5 {[%emt 0:00:17]} 60. a4+ {[%emt 0:00:34]} Ka6 {[%emt 0:01:35]} 61. b3 {[%emt 0:00:48]} Rh2+ {[%emt 0:00:46]} 62. Ka3 {[%emt 0:00:07]} Rh3 {[%emt 0:00:02]} 63. Kb4 {[%emt 0:00:11]} Rh6 {[%emt 0:00:19]} 64. a5 {[%emt 0:00:40]} Rh5 {[%emt 0:01:28]} 65. Rg6+ {[%emt 0:00:16]} Ka7 {[%emt 0:00:11]} 66. Ka4 {[%emt 0:00:15]} Kb7 {[%emt 0:00:57]} 67. b4 {[%emt 0:01:08]} Ka7 {[%emt 0:00:04]} 68. Rg7+ {[%emt 0:01:32]} Ka6 {[%emt 0:00:43]} 69. b5+ {[%emt 0:00:18]} 1-0

[Event "HUN-ch U8-U18 2019"]
[Site "Balatonlelle"]
[Date "2019.06.26"]
[Round "7.11"]
[White "Varga, Boldizsar"]
[Black "Kovacsy, Barnabas"]
[Result "0-1"]
[WhiteElo "1804"]
[BlackElo "2136"]
[Annotator "NA RC"]
[PlyCount "62"]
[EventDate "2019.06.21"]
[EventType "swiss"]
[EventCountry "HUN"]
[SourceTitle "playchess.com"]
[Source "ChessBase"]
[SourceQuality "1"]
[TimeControl "40/5400+30:1800+30"]

1. d4 {[%emt 0:00:08]} Nf6 {[%emt 0:00:07]} 2. c4 {[%emt 0:00:09]} g6 {[%emt 0:00:08]} 3. Nc3 {[%emt 0:00:11]} d5 {[%emt 0:00:04]} 4. cxd5 {[%emt 0:00:09]} Nxd5 {[%emt 0:00:02]} 5. e4 {[%emt 0:00:17]} Nxc3 {[%emt 0:00:04]} 6. bxc3 {[%emt 0:00:02]} Bg7 {[%emt 0:00:08]} 7. Nf3 {[%emt 0:00:16]} c5 {[%emt 0:00:04]} 8. Be3 {[%emt 0:00:20]} Bg4 {[%emt 0:00:06]} 9. Be2 {[%emt 0:01:21]} Qa5 {[%emt 0:05:49]} 10. Qd2 {[%emt 0:01:09]} O-O {[%emt 0:04:13]} 11. Rb1 {[%emt 0:13:53]} Nd7 {[%emt 0:16:00]} 12. Rb5 {[%emt 0:29:35]} Qa4 {[%emt 0:04:57]} 13. O-O {[%emt 0:00:43]} Bxf3 {[%emt 0:02:13]} 14. gxf3 {[%emt 0:00:01]} b6 {[%emt 0:02:56]} 15. dxc5 {[%emt 0:02:12]} Nxc5 {[%emt 0:00:16]} 16. Bxc5 {[%emt 0:00:49]} bxc5 {[%emt 0:00:07]} 17. Rxc5 {[%emt 0:00:18]} Qa3 {[%emt 0:02:53]} 18. Rb5 {[%emt 0:05:49]} Bxc3 {[%emt 0:06:33]} 19. Qc2 {[%emt 0:00:45]} Bg7 {[%emt 0:00:49]} 20. Rb3 {[%emt 0:10:46]} Qd6 {[%emt 0:02:50]} 21. Rd1 {[%emt 0:00:10]} Qf4 {[%emt 0:00:52]} 22. Qd2 {[%emt 0:00:35]} Qh4 {[%emt 0:00:34]} 23. Rb5 {[%emt 0:06:21]} Bh6 {[%emt 0:01:17]} 24. Qd7 {[%emt 0:01:25]} e6 {[%emt 0:01:19]} 25. Kg2 {[%emt 0:02:06]} Bf4 {[%emt 0:03:50]} 26. h3 {[%emt 0:00:15]} Rad8 {[%emt 0:05:01]} 27. Qb7 {[%emt 0:01:12]} Rxd1 {[%emt 0:00:13]} 28. Bxd1 {[%emt 0:00:01]} Rd8 {[%emt 0:00:21]} 29. Be2 {[%emt 0:00:39]} Rd2 {[%emt 0:02:02]} 30. Rb2 {[%emt 0:00:01]} Qg5+ {[%emt 0:00:24]} 31. Kh1 {[%emt 0:00:12]} Be5 {[%emt 0:00:42]} 0-1

[Event "HUN-ch U8-U18 2019"]
[Site "Balatonlelle"]
[Date "2019.06.26"]
[Round "7.12"]
[White "Baski, Barnabas"]
[Black "Magold, Victor"]
[Result "0-1"]
[WhiteElo "2108"]
[BlackElo "1968"]
[Annotator "TA"]
[PlyCount "114"]
[EventDate "2019.06.21"]
[EventType "swiss"]
[EventCountry "HUN"]
[SourceTitle "playchess.com"]
[Source "ChessBase"]
[SourceQuality "1"]

{[%evp 15,114,12,0,0,0,0,29,8,11,6,11,8,51,-9,-4,-14,-14,-27,-10,-24,-18,-31,-37,-37,-47,-37,-30,-30,-29,-39,-19,-30,-32,-45,-31,-32,-45,-43,-44,-44,-43,-38,-44,-63,-20,-41,-5,-56,0,-72,0,-97,0,0,0,0,0,0,0,0,0,0,0,0,0,-85,-85,-85,-85,-85,-85,-242,-242,-236,-85,-247,-242,-251,-210,-506,-461,-1048,-834,-719,-561,-1060,-1101,-747,-626,-593,-483,-678,-468,-6383,-6111,-5625,-5609,-5601,-5397,-2056,-1520]} 1. Nf3 Nf6 2. g3 c6 3. Bg2 d5 4. O-O Bg4 5. d4 Nbd7 6. c4 e6 7. Qb3 Qb6 8. Nc3 Be7 9. Re1 {D11: Slav Defence: 3 Nf3 sidelines and 3...Nf6 4 e3 Bg4} Qxb3 10. axb3 O-O 11. c5 {White has an edge.} b6 12. b4 {[%cal Bb3b4,Bb4b5][%mdl 32]} a5 13. b5 Rfc8 $146 ({Predecessor:} 13... Bxf3 14. Bxf3 bxc5 15. bxc6 cxd4 16. Nxd5 exd5 17. cxd7 {½-½ (93) Khenkin,I (2575)-Bashirli,N (2384) Nakhchivan 2016}) 14. cxb6 (14. bxc6 $14 Rxc6 15. e4 dxe4 16. Nxe4 Nxe4 17. Rxe4 Bxf3 18. Bxf3) 14... Nxb6 $11 15. bxc6 Bxf3 16. Bxf3 Rxc6 17. Bf4 Bb4 18. Rec1 Bxc3 19. Rxc3 Rxc3 20. bxc3 a4 21. Bd6 Nc4 22. Ba3 Ne4 23. Bxe4 $1 dxe4 {[%mdl 4096] Endgame KRB-KRN} 24. e3 f5 25. Kf1 Kf7 26. Ke2 Ke8 27. Kd1 Kd7 28. Kc2 Kc6 29. Bc5 Kd5 30. Rb1 a3 31. Ra1 (31. h4 $11) 31... a2 ({Better is} 31... g5 $1 $15) 32. Bb4 (32. Be7 $11 {remains equal.}) 32... Kc6 (32... g5 $1 $17) 33. Kb3 (33. h4 $11) 33... Kb5 (33... Nd2+ $17 34. Kb2 Kd5) 34. Rxa2 Rxa2 35. Kxa2 {KB-KN} Nd2 36. Kb2 Kc4 37. Kc2 Nf3 38. h4 Ne1+ 39. Kd2 Nd3 40. Bf8 (40. Ke2 $1 $11 {keeps the balance.}) 40... Nxf2 $17 41. Bxg7 Kb3 $1 42. Bf6 Nd3 43. Bg7 $2 {[#]} (43. h5 $17 {was called for.}) 43... Nb2 $1 $19 44. Bf6 Na4 $2 (44... Nc4+ $19 45. Ke2 Nb6) 45. Be5 $2 (45. d5 $17 {only move.} exd5 46. h5) 45... Nxc3 46. Bf6 Na4 47. Be5 $2 (47. d5 exd5 48. Bg7) 47... Nb6 {Black is clearly winning.} 48. Bf6 {[#]} (48. Bh8 $142 Nc4+ 49. Kd1) 48... Nc4+ $1 49. Ke2 Kc2 50. Be7 Nb6 51. Bg5 Nd5 52. h5 Nc3+ 53. Ke1 (53. Kf2 $142 Kd2 54. g4 fxg4 55. Kg3) 53... Kd3 54. Bh6 (54. h6 $142) 54... Nd5 55. Kf2 Nf6 56. Bf4 Ng4+ 57. Ke1 Nxe3 {Accuracy: White = 32%, Black = 61%.} 0-1

[Event "HUN-ch U8-U18 2019"]
[Site "Balatonlelle"]
[Date "2019.06.26"]
[Round "7.12"]
[White "Kozsik, Bende Barnabas"]
[Black "Kovacs, Laszlo Jr."]
[Result "1-0"]
[WhiteElo "2089"]
[BlackElo "2101"]
[Annotator "TA"]
[PlyCount "75"]
[EventDate "2019.06.21"]
[EventType "swiss"]
[EventCountry "HUN"]
[SourceTitle "playchess.com"]
[Source "ChessBase"]
[SourceQuality "1"]

{[%evp 16,75,30,32,62,52,60,28,70,33,42,35,45,0,26,24,18,-20,-19,-25,-23,-56,-19,-30,0,-28,0,-20,-26,-41,-16,-48,-33,-62,-64,-67,-64,-73,-56,-60,-65,-79,-35,-51,0,-43,0,0,0,0,0,0,0,-3,234,229,198,198,198,198,318,328]} 1. c4 Nf6 2. Nc3 g6 3. g3 Bg7 4. Bg2 O-O 5. e3 d6 6. Nge2 e5 7. O-O Nc6 8. d4 Re8 9. d5 Ne7 {E61: King's Indian: Early deviations for White, including Smyslov System} (9... Na5 10. b3 a6 11. e4 c5 12. dxc6 bxc6 13. c5 dxc5 14. Qxd8 Rxd8 15. Be3 Nb7 16. Na4 Ng4 17. Bxc5 Nxc5 18. Nxc5 {0-1 (60) Maghsoodloo,P (2577)-Vidit,S (2687) Chengdu 2017}) 10. e4 Rf8 11. a3 Ne8 $146 {White has an edge.} ({Predecessor:} 11... Nd7 12. Be3 f5 13. f3 {1-0 (28) Mulleady,P (2080)-Anderson,P (1756) England 2016}) 12. Qc2 f5 13. f3 Nf6 14. b4 Nh5 15. Bd2 f4 16. g4 Nf6 17. h3 g5 18. Nd1 h5 19. Nf2 hxg4 20. Nxg4 (20. hxg4 {feels hotter.} Ng6 21. c5 Nh4 22. a4 Rf7 23. Nc1) 20... Bxg4 21. fxg4 Ng6 22. Be1 Qd7 23. Bf3 Rf7 24. Kg2 Bf8 25. Ng1 Rh7 26. Rb1 Nh4+ 27. Bxh4 $1 Rxh4 28. a4 {[%cal Ba3a4,Ba4a5][%mdl 32]} Re8 29. a5 Re7 ({Better is} 29... c6 $15) 30. Qe2 Reh7 31. Rfc1 R7h6 32. c5 Qh7 33. a6 bxa6 34. c6 Rxh3 $2 (34... Kg7 $11 {and Black is okay.}) 35. Nxh3 $18 Rxh3 36. Rh1 Rg3+ {[#]} 37. Kf2 $1 {[%mdl 1024] White has strong compensation.} Qf7 (37... Rh3 {is a better defense.}) 38. Rbg1 {Accuracy: White = 56%, Black = 35%.} 1-0

[Event "HUN-ch U8-U18 2019"]
[Site "Balatonlelle"]
[Date "2019.06.26"]
[Round "7.13"]
[White "Kokeny, Norbert Adrian"]
[Black "Udvardi, Zalan"]
[Result "1-0"]
[WhiteElo "2268"]
[BlackElo "2211"]
[Annotator "TA"]
[PlyCount "83"]
[EventDate "2019.06.21"]
[EventType "swiss"]
[EventCountry "HUN"]
[SourceTitle "playchess.com"]
[Source "ChessBase"]
[SourceQuality "1"]

{[%evp 19,83,7,18,-16,-8,-15,-9,-8,-12,-31,-31,-21,-19,-25,-19,-37,26,0,31,24,29,30,35,35,51,30,77,44,284,261,255,137,192,181,221,212,395,443,433,430,418,151,151,146,151,138,143,78,71,64,97,10,27,22,117,33,662,662,662,662,1004,974,2480,2316,29995,29996]} 1. Nf3 c5 2. c4 Nc6 3. g3 g6 4. Bg2 Bg7 5. Nc3 e5 6. d3 Nge7 7. O-O d6 8. a3 O-O 9. Rb1 a5 10. Bd2 h6 11. Qa4 {A37: Symmetrical English vs ...g6: 4 Bg2 Bg7 5 Nf3} Be6 12. Rfc1 Qd7 $146 ({Predecessor:} 12... Nd4 13. Qd1 a4 14. Nxd4 exd4 15. Nxa4 Bd7 16. b3 Ra7 17. Ra1 g5 18. Nb2 f5 {½-½ (30) Gonda,L (2500)-Perunovic,M (2612) Austria 2018}) 13. Ne1 {The position is equal.} Bh3 14. Bh1 f5 15. Nd5 Nxd5 16. Bxd5+ Kh7 17. Qd1 a4 (17... Ne7 $15) 18. b3 axb3 19. Rxb3 f4 20. Rcb1 Ra7 21. Nf3 Bg4 22. Rb6 Bxf3 23. exf3 Rxa3 $2 (23... Bf6 $1 $14) 24. Rxb7 $18 Qc8 25. Be4 (25. R1b6 $18 Nd4 26. Rxd6) 25... Nd4 (25... Nd8 $16 {was called for.}) 26. Kg2 $1 Ra2 27. R1b6 Nf5 $2 (27... Qe6 {might work better.} 28. Rc7 Rf7 29. Rxd6 Rxc7 30. Rxe6 Nxe6) 28. g4 Ne3+ 29. fxe3 fxe3 30. Rb2 $2 (30. Kh3 $18 exd2 31. Rxd6) 30... Rxb2 $16 31. Rxb2 exd2 32. Qxd2 Qd8 33. Rb7 ({White should play} 33. Qe1) 33... Qf6 34. Qa5 Rf7 {[#]} 35. Rb6 (35. Rxf7 $1 $16 {White wants to mate with Qc7.} Qxf7 36. h4) 35... Bf8 36. Bd5 Rc7 {[#]} (36... e4 $1 $11 {keeps the balance.} 37. Bxe4 Bg7) 37. Rb8 (37. Ra6 $1 $16 Rd7 38. Qxc5) 37... Rf7 $2 {[%mdl 8192]} (37... Rd7 $14) 38. Bxf7 $18 Qxf7 39. Qd8 Kg7 40. Rc8 Qf4 41. Rc7+ Kg8 42. Qd7 {Accuracy: White = 35%, Black = 28%.} 1-0

[Event "HUN-ch U8-U18 2019"]
[Site "Balatonlelle"]
[Date "2019.06.26"]
[Round "7.13"]
[White "Pervai, Laszlo"]
[Black "Szalay-Ocsak, Bank"]
[Result "1-0"]
[WhiteElo "2033"]
[BlackElo "1826"]
[Annotator "NA RC"]
[PlyCount "53"]
[EventDate "2019.06.21"]
[EventType "swiss"]
[EventCountry "HUN"]
[SourceTitle "playchess.com"]
[Source "ChessBase"]
[SourceQuality "1"]
[TimeControl "40/5400+30:1800+30"]

1. e4 {[%emt 0:00:03]} g6 {[%emt 0:00:04]} 2. d4 {[%emt 0:00:39]} Bg7 {[%emt 0:00:05]} 3. Be3 {[%emt 0:01:04]} c5 {[%emt 0:02:21]} 4. Nf3 {[%emt 0:01:48]} Nc6 {[%emt 0:04:19]} 5. Nc3 {[%emt 0:05:03]} cxd4 {[%emt 0:03:49]} 6. Nxd4 {[%emt 0:00:23]} d6 {[%emt 0:01:10]} 7. Qd2 {[%emt 0:01:20]} Nf6 {[%emt 0:02:21]} 8. f3 {[%emt 0:00:50]} O-O {[%emt 0:00:57]} 9. O-O-O {[%emt 0:01:15]} d5 {[%emt 0:00:57]} 10. Nxc6 {[%emt 0:07:21]} bxc6 {[%emt 0:02:05]} 11. g4 {[%emt 0:03:53]} Qa5 {[%emt 0:10:32]} 12. exd5 {[%emt 0:03:17]} Rb8 {[%emt 0:05:51]} 13. Bd4 {[%emt 0:07:33]} Rd8 {[%emt 0:30:23]} 14. Bc4 {[%emt 0:03:37]} Ba6 {[%emt 0:11:12]} 15. Bb3 {[%emt 0:05:47]} c5 {[%emt 0:04:53]} 16. Bxf6 {[%emt 0:02:04]} Bxf6 {[%emt 0:00:22]} 17. Ne4 {[%emt 0:01:26]} Qb5 {[%emt 0:02:54]} 18. Nxf6+ {[%emt 0:01:07]} exf6 {[%emt 0:00:04]} 19. c4 {[%emt 0:01:19]} Qb4 {[%emt 0:01:10]} 20. Qc3 {[%emt 0:09:59]} Re8 {[%emt 0:05:46]} 21. Rhe1 {[%emt 0:01:23]} Qb6 {[%emt 0:00:21]} 22. Rxe8+ {[%emt 0:05:59]} Rxe8 {[%emt 0:00:11]} 23. d6 {[%emt 0:00:32]} Rd8 {[%emt 0:01:15]} 24. Qxf6 {[%emt 0:01:11]} Bb7 {[%emt 0:01:08]} 25. h4 {[%emt 0:06:08]} Bc6 {[%emt 0:01:45]} 26. h5 {[%emt 0:01:36]} Rd7 {[%emt 0:00:40]} 27. h6 {[%emt 0:00:11]} 1-0

[Event "HUN-ch U8-U18 2019"]
[Site "Balatonlelle"]
[Date "2019.06.26"]
[Round "7.14"]
[White "Papp, Levente"]
[Black "Vodila, Martin Botond"]
[Result "1/2-1/2"]
[WhiteElo "2350"]
[BlackElo "2243"]
[Annotator "TA"]
[PlyCount "204"]
[EventDate "2019.06.21"]
[EventType "swiss"]
[EventCountry "HUN"]
[SourceTitle "playchess.com"]
[Source "ChessBase"]
[SourceQuality "1"]

{[%evp 12,204,8,4,14,-10,-10,6,22,-5,55,50,59,56,40,44,51,40,40,45,35,43,71,66,162,168,163,126,126,105,110,107,102,102,97,103,103,102,162,105,116,117,118,111,111,101,112,111,110,106,102,113,104,105,107,73,58,58,95,105,88,100,168,158,162,134,133,142,130,149,175,99,128,0,0,6,3,8,8,9,17,10,10,15,8,0,64,73,57,15,20,24,80,50,60,52,71,0,0,0,80,0,0,0,0,0,0,0,0,0,0,0,0,0,0,0,0,0,0,0,0,0,0,0,0,0,0,0,0,0,8,0,91,91,91,91,91,91,91,91,91,91,91,91,91,91,91,91,91,91,91,91,91,8,91,8,91,91,91,91,91,91,91,91,91,91,91,91,91,91,91,91,91,91,91,91,91,0,91,0,91,0,0,0,91,8,91,8,12,8,8,16,18,0,91]} 1. d4 Nf6 2. Bg5 d5 3. Nd2 e6 4. e3 c5 5. Ngf3 Nc6 6. c3 h6 7. Bh4 Be7 {D03: 1 d4 d5 2 Nf3 Nf6 3 Bg5, including Torre Attack with early ...d5} (7... g5 8. Bg3 Nh5 9. Bb5 Bd7 10. Bxc6 Bxc6 11. Ne5 Nxg3 12. hxg3 Bg7 13. f4 Qc7 14. Qh5 Bb5 15. Kf2 {½-½ (50) Salgado Lopez,I (2629)-Alekseev,E (2639) St Petersburg 2018}) 8. dxc5 Bxc5 9. Bd3 e5 $146 {White must now prevent ...g5.} ({Predecessor:} 9... O-O 10. O-O e5 11. e4 dxe4 12. Nxe4 Be7 13. Bxf6 {0-1 (40) Splichal,P (2032)-Ringel,Z (2151) Czechia 2004}) 10. e4 dxe4 (10... d4 $11) 11. Nxe4 $14 Be7 12. Bxf6 Bxf6 13. O-O O-O 14. Qe2 Be7 15. Ng3 Qc7 16. Rfe1 Bd6 17. Rad1 $40 {[%mdl 128] White is up to no good.} g6 (17... f5 $14) 18. Qd2 $1 $18 {[%cal Rd2h6]} e4 19. Nxe4 Bf4 20. Nf6+ Kg7 21. Nd5 $1 {[%csl LRc7,LRf4][%mdl 64] Double Attack} Bxd2 22. Nxc7 Bxe1 23. Nxa8 Bg4 24. Nc7 Bxf3 (24... Rd8 $16) 25. Rxe1 (25. gxf3 $18 Rd8 26. f4 (26. Rxe1 Rxd3 27. Kf1 Rxf3 $11)) 25... Rd8 26. Bb5 ({Much weaker is} 26. gxf3 $6 Rxd3 27. Kf1 Rxf3 $11) 26... Bg4 27. Bxc6 bxc6 $16 {[%mdl 4096] Endgame KRB-KRN} 28. f3 Bc8 29. Re8 Rd1+ 30. Kf2 Bf5 31. Re1 Rd2+ 32. Re2 Rd1 33. g4 Bd3 34. Re8 Rb1 35. Ke3 Bf1 36. Rb8 a5 (36... Kf6 $16 {is a better defense.}) 37. Ne8+ $18 Kf8 38. Nf6+ Kg7 39. Ne4 Bc4 40. a4 Ra1 41. Nc5 ({White should try} 41. h4 $18) 41... Re1+ $16 42. Kf2 (42. Kd4 $16 Be2 43. b4 axb4 44. Rxb4 (44. cxb4 Bxf3 45. a5 Rd1+ 46. Ke3 Bxg4 $16)) 42... Re2+ $11 43. Kg3 Bd5 44. c4 Bxc4 45. Ne4 Re3 46. Kf4 Rd3 47. h4 Bd5 48. g5 hxg5+ (48... Bxe4 $1 $11 49. Kxe4 Rd2) 49. hxg5 $14 Bxe4 50. fxe4 $11 {KR-KR} (50. Kxe4 {feels hotter.} Rd5 51. f4 Rc5 52. Kd3 Rf5 53. Ra8) 50... Rd4 51. b3 {Threatening Rc8.} Rd3 (51... f5 $1 $11) 52. Rb6 Rc3 53. Rb7 Rc5 54. Ra7 (54. Re7 $1 $16) 54... Kf8 $1 55. e5 Rc3 (55... Rd5 $11) 56. e6 (56. Rxa5 $16 {Hoping for e6!} Rxb3 57. e6 $1 {[%mdl 512]}) 56... fxe6 57. Ke5 Rf3 $1 58. Kxe6 {aiming for Ra8+.} Rf5 $1 59. Kd6 Rxg5 60. Kxc6 Rf5 61. Rb7 Rf6+ 62. Kb5 g5 63. Kxa5 g4 64. Rb8+ Kf7 65. Rb7+ Kf8 66. Rd7 {And now b4 would win.} g3 67. Rd2 (67. Rd1 {with more complications.} Rg6 68. b4 Ke7 69. b5 g2 70. Rg1) 67... Rg6 {Strongly threatening ...g2.} 68. Rg2 Ke7 69. Kb5 Kd7 70. Kc5 Kc7 71. Kd5 Kb6 (71... Rg4 $11) 72. Ke4 $16 Kc5 73. Kf4 $1 Kb4 74. Rxg3 Re6 75. Re3 (75. Rh3 {keeps more tension.} Re2 76. Kf5 Rf2+ 77. Kg4 Rg2+ 78. Kf3) 75... Rd6 76. Ke5 (76. Rf3 {seems wilder.} Rg6 77. Rh3 Rg8 78. Rg3 Rf8+ 79. Ke4) 76... Rd8 77. Ke4 Rd7 78. Rd3 Re7+ 79. Kf3 Re8 80. Re3 Rd8 81. Ke2 Rd7 82. Rd3 ({Better is} 82. Rf3 $16) 82... Rc7 (82... Rh7 $1 $11) 83. Ke3 (83. Kf2 $16) 83... Re7+ (83... Rf7 $11 {remains equal.}) 84. Kf4 Re8 85. Re3 Rf8+ 86. Kg5 Rf7 87. Kg6 Rf1 88. Rg3 Rf2 89. Kg5 Rf8 90. Kg4 Rf7 91. Rf3 (91. Rd3 {looks sharper.} Rg7+ 92. Kf5 Rc7 93. Rh3 Ra7 94. Ke6) 91... Rg7+ 92. Kf4 Re7 93. Re3 Rf7+ 94. Ke4 Rd7 $1 95. Rd3 Re7+ $1 96. Kd4 (96. Kf5 $16) 96... Rd7+ $1 $11 97. Ke3 (97. Ke4 $11 Rh7 98. Rf3) 97... Re7+ $16 {[#]} 98. Kd2 ({Only move:} 98. Kf2 $1 $16) 98... Rc7 {[#]} (98... Rg7 $11) 99. Rh3 (99. Ke2 $1 $16) 99... Rc8 $11 {The position is equal.} 100. Kd1 Rc7 101. Rd3 $1 Rc8 102. Kd2 (102. Re3 $11) 102... Rc7 $1 {Accuracy: White = 58%, Black = 60%.} 1/2-1/2